000 00537nam a2200193 a 4500
001 1769943201184
003 YourLibrary
005 20260201164119.0
008 260201s1997##################000#0#eng##
020 _a9780700708208
082 0 4 _a302.359
_bKRA.02
100 1 _aKrader, Lawrence,
_eauthor.
245 1 0 _aSocial Organization of the Mongol-Turkic Pastoral Nomads :
260 _bRoutledgeCurzon,
_c1997.
300 _a420 pages
650 0 _aSocial Science.
942 _cENGLISH
040 _aYourLibrary
_beng
_cYourLibrary
999 _c609921
_d609921